LEADER 01059nam a2200265 i 4500 001 000000012385 003 CaOOAMICUS 005 20260605123427.0 008 180830m19992002it u000 u ita u 040 $aSeMil$bita 245 10$aStoria di Roma dall'antichità a oggi. 264 1$aRoma ; Bari :$bLaterza & Figli,$c1999-2002. 300 $a6 v. . ill. ;$c22 cm. 490 1 $aStoria e società 650 4$aRoma - Storia.$0(OLS)http://semarc/subject/1163 774 0 $tRoma antica.$b2. ed.$z88-420-6131-X$w()130894 774 0 $tRoma medievale.$z88-420-6274-X$w()97467 774 0 $tRoma del Rinascimento.$z88-420-6423-8$w()130270 774 0 $tRoma moderna.$z88-420-6701-6$w()130431 774 0 $tRoma capitale.$z88-420-6720-2$w()129783 774 0 $tRoma del Duemila.$w()113527 830 0$aStoria e società.$0(OLS)http://semarc/title/2818 996 $6245$aStoria di Roma dall'antichità a oggi$9(OLS)http://semarc/title/16436 996 $6264$aRoma ; Bari :$bLaterza & Figli$9(OLS)http://semarc/publisher/29696